Library Logo

Pioneer International University Library Catalogue

It's all in the playing / (Record no. 9219)

MARC details
000 -LEADER
fixed length control field 00774pam a2200253 a 4500
001 - CONTROL NUMBER
control field 3842622
003 - CONTROL NUMBER IDENTIFIER
control field OSt
005 - DATE AND TIME OF LATEST TRANSACTION
control field 20250901165802.0
008 - FIXED-LENGTH DATA ELEMENTS--GENERAL INFORMATION
fixed length control field 870409s1987 onc 000 0aeng
010 ## - LIBRARY OF CONGRESS CONTROL NUMBER
LC control number 87047560
020 ## - INTERNATIONAL STANDARD BOOK NUMBER
International Standard Book Number 0553052179
040 ## - CATALOGING SOURCE
Original cataloging agency DLC
Transcribing agency DLC
Modifying agency DLC
050 00 - LIBRARY OF CONGRESS CALL NUMBER
Classification number PN 2287 .M18 A3 1987
Item number A3 1987
082 00 - DEWEY DECIMAL CLASSIFICATION NUMBER
Classification number 791.43/028/0924
-- B
Edition information 19
100 1# - MAIN ENTRY--PERSONAL NAME
Personal name MacLaine, Shirley,
Dates associated with a name 1934-
245 10 - TITLE STATEMENT
Title It's all in the playing /
Statement of responsibility, etc. Shirley MacLaine.
260 ## - PUBLICATION, DISTRIBUTION, ETC.
Place of publication, distribution, etc. Toronto ;
-- New York :
Name of publisher, distributor, etc. Bantam Books,
Date of publication, distribution, etc. 1987.
300 ## - PHYSICAL DESCRIPTION
Extent 338 p. ;
Dimensions 24 cm.
600 10 - SUBJECT ADDED ENTRY--PERSONAL NAME
Personal name MacLaine, Shirley,
Dates associated with a name 1934-
650 #0 - SUBJECT ADDED ENTRY--TOPICAL TERM
Topical term or geographic name entry element Entertainers
Geographic subdivision United States
General subdivision Biography.
650 #0 - SUBJECT ADDED ENTRY--TOPICAL TERM
Topical term or geographic name entry element Spiritualists
Geographic subdivision United States
General subdivision Biography.
906 ## - LOCAL DATA ELEMENT F, LDF (RLIN)
a 7
b cbc
c orignew
d 1
e ocip
f 19
g y-gencatlg
942 ## - ADDED ENTRY ELEMENTS (KOHA)
Source of classification or shelving scheme Library of Congress Classification
Koha item type Books
Holdings
Withdrawn status Lost status Source of classification or shelving scheme Damaged status Not for loan Home library Current library Shelving location Date acquired Total checkouts Full call number Barcode Date last seen Price effective from Koha item type
    Library of Congress Classification     Main Library Main Library   02/24/2025   PN 2287 .M18 A3 1987 PIU0007693 02/24/2025 02/24/2025 Books